Drsnosť povrchu pri sústružení vnútorných otvorov

Saved in:
Bibliographic Details
Main Author: Dúbravka, Pavol (Author)
Other Authors: Vopát, Tomáš (Thesis advisor)
Format: Manuscript Book
Language:Slovak
Published: 2024
Subjects:
Online Access:http://is.stuba.sk/zp/portal_zp.pl?podrobnosti=177921
Tags: Add Tag
No Tags, Be the first to tag this record!

MARC

LEADER 00000ntm a22000003a 4500
001 stuzp96703
003 SK-STU
005 20240608210901.3
007 ta
008 150427s2015----xo-----f-mn---000-0-slo-d
040 |a STU  |b slo 
041 0 |a slo 
100 1 |a Dúbravka, Pavol  |u 063000  |k Z4  |4 aut  |U MTF Materiálovotechnologická fakulta  |T MTF Ústav výrobných technológií  |X 103427  |U M3000  |Y 83  |7 103427 
242 0 1 |a Surface roughness observation during the internal turning  |y eng 
245 1 0 |a Drsnosť povrchu pri sústružení vnútorných otvorov 
260 |c 2024 
650 4 |a obrábanie  |2 slo 
650 4 |a drsnosť  |2 slo 
650 4 |a sústruženie  |2 slo 
650 4 |a machining  |2 eng 
650 4 |a turning  |2 eng 
650 4 |a roughness  |2 eng 
700 1 |a Vopát, Tomáš  |u 063200  |k Z2  |4 ths  |U MTF Ústav výrobných technológií  |T MTF Katedra obrábania a počítačovej podpory technológií  |X 48548  |U M3200  |Y 164  |7 A000048548 
856 4 |u http://is.stuba.sk/zp/portal_zp.pl?podrobnosti=177921 
996 |c M* DP-15291  |l MMSKP  |s P  |a 0  |w stuzp96703_0001